[Event "Elit(Eksjo-Limhamn)"]
[Site "?"]
[Date "2019.01.13"]
[Round "6"]
[White "Gustafsson, Fredrik"]
[Black "Holst, Conny"]
[Result "0-1"]
[WhiteElo "2130"]
[BlackElo "2191"]
[PlyCount "76"]
1. e4 c5 2. Nc3 Nc6 3. g3 g6 4. Bg2 Bg7 5. d3 d6 6. Be3 e5 7. Qd2 Nge7 8. Bh6
Bxh6 9. Qxh6 Nd4 10. O-O-O b5 11. Nd5 Nxd5 12. exd5 Qa5 13. Kb1 b4 14. Qd2 Rb8
15. Ne2 Nb5 16. Ka1 Rb6 17. c4 Ra6 18. b3 Nc3 19. Nxc3 bxc3 20. Qc2 O-O 21.
Rhe1 Bd7 22. Re2 Rb8 23. Rc1 Qa3 24. Rb1 Ba4 25. Qxc3 Bxb3 26. Rbb2 Rb4 27.
Red2 Rab6 28. f4 f6 29. fxe5 fxe5 30. Rf2 Qa5 31. Bh3 Rb8 32. Be6+ Kh8 33. Qc1
Bxa2 34. Rxa2 Rb1+ 35. Qxb1 Rxb1+ 36. Kxb1 Qe1+ 37. Kb2 Qxf2+ 38. Kb3 Qe1 0-1

[Event "Elit(Schack 08-LASK)"]
[Site "?"]
[Date "2019.01.13"]
[Round "6"]
[White "Ahlander, Bjorn"]
[Black "Laveryd, Peter"]
[Result "1/2-1/2"]
[WhiteElo "2412"]
[BlackElo "2375"]
[PlyCount "58"]
1. d4 Nf6 2. c4 c5 3. d5 a6 4. Nc3 b5 5. Qc2 g6 6. e4 b4 7. Nd1 d6 8. f4 Bg7 9.
Nf3 O-O 10. Bd3 e6 11. O-O exd5 12. cxd5 Bg4 13. Ne3 Bxf3 14. Rxf3 Nbd7 15. Bd2
Re8 16. Re1 a5 17. h3 a4 18. Kh1 b3 19. axb3 axb3 20. Qb1 Nb6 21. Nd1 c4 22.
Bf1 Qc7 23. Nc3 Na4 24. Nxa4 Rxa4 25. Bc3 Qc5 26. Re2 Qa7 27. Re1 Qc5 28. Re2
Qa7 29. Re1 Qc5 1/2-1/2

[Event "Elit(Schack 08-LASK)"]
[Site "?"]
[Date "2019.01.13"]
[Round "6"]
[White "Drugge, Patrick"]
[Black "Kulaots, Kaido"]
[Result "1/2-1/2"]
[WhiteElo "2193"]
[BlackElo "2555"]
[PlyCount "31"]
1. e4 c5 2. Nc3 d6 3. g3 g6 4. Bg2 Bg7 5. d3 Nc6 6. f4 e6 7. Nf3 Nge7 8. O-O
O-O 9. Be3 b6 10. d4 Ba6 11. Re1 Rc8 12. g4 d5 13. exd5 exd5 14. a4 Na5 15. Bf2
Nec6 16. dxc5 1/2-1/2

[Event "Elit(Schack 08-LASK)"]
[Site "?"]
[Date "2019.01.13"]
[Round "6"]
[White "Tikkanen, Hans"]
[Black "Nyander, Joakim"]
[Result "1/2-1/2"]
[WhiteElo "2516"]
[BlackElo "2229"]
[PlyCount "88"]
1. d4 Nf6 2. Nf3 c5 3. e3 e6 4. Bd3 b6 5. O-O Bb7 6. c4 d6 7. Nc3 a6 8. a4 Nbd7
9. a5 Be7 10. axb6 Qxb6 11. Bd2 O-O 12. b4 Rfb8 13. bxc5 dxc5 14. d5 exd5 15.
cxd5 Nxd5 16. e4 Nb4 17. Bc4 Qc7 18. Qb3 Rf8 19. Nd5 Bxd5 20. Bxd5 Nxd5 21.
Qxd5 Qd6 22. Qc4 Qe6 23. Rfc1 Rfc8 24. Ra5 Qxc4 25. Rxc4 f6 26. Kf1 Kf7 27. Ke2
Bd6 28. Rc2 Re8 29. Kd3 Bc7 30. Ra1 Reb8 31. Be3 Bd6 32. Nd2 Rb5 33. Nc4 Ne5+
34. Nxe5+ fxe5 35. Rca2 Rb6 36. Ra5 Rc6 37. Kc4 Ke6 38. Rb1 Ra7 39. f3 Rf7 40.
Rba1 Ra7 41. Rb1 Rf7 42. Ra2 Ra7 43. Ra5 Rf7 44. Ra2 Ra7 1/2-1/2

[Event "Elit(Wasa-Farsta)"]
[Site "?"]
[Date "2019.01.12"]
[Round "4"]
[White "Wedberg, Tom"]
[Black "Ernst, Thomas"]
[Result "1-0"]
[WhiteElo "2428"]
[BlackElo "2329"]
[PlyCount "115"]
1. e4 e5 2. Nf3 Nc6 3. Bb5 a6 4. Ba4 Nf6 5. d3 d6 6. c4 Bd7 7. Nc3 g6 8. O-O
Bg7 9. h3 O-O 10. Be3 Nh5 11. Nd5 Nd4 12. Bxd7 Qxd7 13. Nxd4 exd4 14. Bd2 Rae8
15. Qg4 Qd8 16. Rae1 c6 17. Nf4 Nxf4 18. Bxf4 Re6 19. Bd2 Qe7 20. f4 f5 21.
exf5 gxf5 22. Qh5 Qf7 23. Qxf7+ Kxf7 24. Rxe6 Kxe6 25. Re1+ Kf7 26. g4 Bf6 27.
Kg2 Rd8 28. Kf3 d5 29. c5 Re8 30. Rxe8 Kxe8 31. Ba5 Kd7 32. Kg3 Be7 33. b4 Bf6
34. h4 h5 35. g5 Bg7 36. Kf3 Kc8 37. Ke2 Kd7 38. Kd1 Bf8 39. Kc2 Bg7 40. Kb3
Bf8 41. Bb6 Bg7 42. Ka4 Bf8 43. Ka5 Be7 44. a4 Kc8 45. b5 axb5 46. axb5 Kb8 47.
Ka4 Kc8 48. Ba7 Bd8 49. Kb4 Be7 50. Bb6 Kd7 51. Ka5 Kc8 52. bxc6 bxc6 53. Ka6
Kd7 54. Kb7 Bf8 55. g6 Ke6 56. Kxc6 Be7 57. Kb7 Bxh4 58. c6 1-0

[Event "Elit(Limhamn-Schack 08)"]
[Site "?"]
[Date "2019.01.12"]
[Round "4"]
[White "Schneider, Stefan"]
[Black "Drugge, Patrick"]
[Result "1-0"]
[WhiteElo "2362"]
[BlackElo "2193"]
[PlyCount "75"]
1. d4 d5 2. Nf3 c6 3. Bf4 e6 4. e3 Bd6 5. Bd3 Bxf4 6. exf4 Qd6 7. Qd2 Nf6 8.
O-O O-O 9. Ne5 b6 10. Qe2 c5 11. c3 Bb7 12. Nd2 cxd4 13. cxd4 a5 14. Rac1 Ba6
15. Bxa6 Nxa6 16. Rc6 Qb4 17. Ndf3 Nb8 18. a3 Qb3 19. Rc7 Ne4 20. Ng5 Na6 21.
Rxf7 Nxg5 22. Rxf8+ Rxf8 23. fxg5 Nc7 24. Rc1 Nb5 25. Nf3 Re8 26. Rc8 Rxc8 27.
Qxe6+ Kf8 28. Qxc8+ Ke7 29. Qb7+ Kf8 30. Qc8+ Ke7 31. Qc1 Qc4 32. Qe3+ Kf8 33.
h4 Qc7 34. g3 Nd6 35. Qf4+ Kg8 36. Qe5 Qf7 37. Qxd6 Qxf3 38. Qxb6 1-0

[Event "Elit(Vasteras-Rockaden,Sthlm)"]
[Site "?"]
[Date "2019.01.12"]
[Round "4"]
[White "Pantzar, Milton"]
[Black "Hedman, Erik"]
[Result "1/2-1/2"]
[WhiteElo "2331"]
[BlackElo "2378"]
[PlyCount "79"]
1. d4 d5 2. c4 e6 3. Nc3 c5 4. cxd5 exd5 5. Nf3 Nc6 6. dxc5 d4 7. Na4 Bxc5 8.
Nxc5 Qa5+ 9. Qd2 Qxc5 10. a3 Nge7 11. b4 Qb6 12. Bb2 O-O 13. Bxd4 Nxd4 14. Qxd4
Nc6 15. Qb2 a5 16. b5 a4 17. e3 Na5 18. Nd4 Nb3 19. Nxb3 axb3 20. Bc4 Qa5+ 21.
Ke2 Bg4+ 22. f3 Be6 23. Qxb3 Bxc4+ 24. Qxc4 Rfc8 25. Qb3 Rc3 26. Qb2 Re8 27. e4
Qc7 28. Rhc1 Rxc1 29. Rxc1 Qxh2 30. Kf2 h5 31. Qd4 Re6 32. Rc8+ Kh7 33. Qd8 Rd6
34. Qg5 Rg6 35. Qf5 Qxg2+ 36. Ke3 Qg1+ 37. Ke2 Qh2+ 38. Ke3 Qg1+ 39. Ke2 Qh2+
40. Ke3 1/2-1/2

[Event "Elit(Wasa-Farsta)"]
[Site "?"]
[Date "2019.01.12"]
[Round "4"]
[White "Lundin, Jan"]
[Black "Sagit, Rauan"]
[Result "0-1"]
[WhiteElo "2301"]
[BlackElo "2435"]
[PlyCount "90"]
1. e4 c5 2. Nf3 d6 3. d4 cxd4 4. Nxd4 Nf6 5. Nc3 a6 6. g3 g6 7. Bg2 Bg7 8. O-O
O-O 9. Re1 Bg4 10. f3 Bd7 11. Kh1 Nc6 12. Be3 Rc8 13. Nxc6 Bxc6 14. Qd2 Re8 15.
Rad1 Nd7 16. f4 Nb6 17. Qf2 Nc4 18. Bc1 Qb6 19. Qxb6 Nxb6 20. Ne2 f5 21. b3
Bxe4 22. Bxe4 fxe4 23. c4 Nd7 24. Be3 b5 25. cxb5 axb5 26. Nd4 Bxd4 27. Rxd4
Nf6 28. Rd2 b4 29. Bd4 Nd5 30. Rxe4 Rc1+ 31. Bg1 Nc3 32. Rxb4 Rc8 33. Kg2 Nb1
34. Rf2 Rd1 35. h3 Rcc1 36. Bh2 Na3 37. g4 Nc2 38. Re4 Ne1+ 39. Kg3 Rd3+ 40.
Kh4 Nf3+ 41. Rxf3 Rxf3 42. Rxe7 h6 43. f5 Rcc3 44. g5 Rxh3+ 45. Kg4 h5+ 0-1

[Event "Elit(Limhamn-Schack 08)"]
[Site "?"]
[Date "2019.01.12"]
[Round "4"]
[White "Ottenklev, Niclas"]
[Black "Jepson, Christian"]
[Result "0-1"]
[WhiteElo "2158"]
[BlackElo "2387"]
[PlyCount "72"]
1. e4 d6 2. d4 Nf6 3. Nc3 g6 4. Be3 c6 5. f3 Nbd7 6. Qd2 b5 7. Nge2 h5 8. h4
Bg7 9. g3 Bb7 10. Bh3 Qc7 11. O-O Rd8 12. a3 a6 13. Nf4 c5 14. Qf2 cxd4 15.
Bxd4 e5 16. Bxd7+ Qxd7 17. Bb6 exf4 18. Bxd8 Qxd8 19. gxf4 O-O 20. Rad1 Ne8 21.
Rd3 Qf6 22. Qa7 Bc8 23. Nd5 Qxh4 24. Qf2 Qxf2+ 25. Kxf2 Bb7 26. c3 Bh6 27. Ne7+
Kg7 28. f5 Bg5 29. Nd5 gxf5 30. Rg1 fxe4 31. Rdd1 Kh6 32. f4 Bd8 33. Ne3 Bb6
34. Ke2 Bxe3 35. Kxe3 f6 36. a4 Ng7 0-1

[Event "Elit(Vasteras-Rockaden,Sthlm)"]
[Site "?"]
[Date "2019.01.12"]
[Round "4"]
[White "Bator, Robert"]
[Black "Bergstrom, Peter"]
[Result "0-1"]
[WhiteElo "2378"]
[BlackElo "2286"]
[PlyCount "132"]
1. c4 c6 2. d4 d5 3. Nf3 Nf6 4. e3 Bf5 5. Nc3 e6 6. Nh4 Be4 7. f3 Bg6 8. Nxg6
hxg6 9. Kf2 Qc7 10. g3 Nbd7 11. Kg2 a6 12. Bd2 Be7 13. Rc1 O-O 14. cxd5 exd5
15. Qb3 Qb6 16. Qc2 Qa7 17. Be1 c5 18. Bf2 b5 19. Be2 Rac8 20. Qb3 Nb6 21. a4
c4 22. Qa2 b4 23. a5 Nbd7 24. Nxd5 Nxd5 25. Bxc4 Nc7 26. h4 Qb7 27. Bd3 Nf6 28.
Qb3 Ne6 29. Bxg6 fxg6 30. Qxe6+ Kh7 31. e4 b3 32. d5 Rc2 33. Qb6 Qc8 34. Rxc2
bxc2 35. Rc1 Qc4 36. Qc6 Rc8 37. Qxc4 Rxc4 38. Be1 Nd7 39. Bc3 Bd8 40. Rxc2
Bxa5 41. Rc1 Bxc3 42. bxc3 a5 43. Ra1 a4 44. Ra3 Kg8 45. Kf2 Kf7 46. Ke3 Nc5
47. e5 Ke7 48. f4 Kd7 49. Ra2 Kc7 50. Ra3 Kb6 51. Kf3 Kb5 52. Kg4 Ne4 53. e6
Kc5 54. h5 Kxd5 55. e7 Nf6+ 56. Kg5 gxh5 57. Kg6 Ke6 58. Kxg7 Kxe7 59. Ra1 Ne4
60. Re1 Kd6 61. f5 a3 62. Kg6 a2 63. f6 Nxf6 64. Kxf6 Rxc3 65. Re6+ Kd5 66. Ra6
Rc6+ 0-1

[Event "Elit(Wasa-Farsta)"]
[Site "?"]
[Date "2019.01.12"]
[Round "4"]
[White "Bellon Lopez, Juan"]
[Black "Hjelm, Niclas"]
[Result "0-1"]
[WhiteElo "2332"]
[BlackElo "2325"]
[PlyCount "144"]
1. d4 d5 2. Nf3 Nf6 3. c4 c6 4. e3 Bf5 5. Nc3 e6 6. Nh4 Be4 7. f3 Bg6 8. Nxg6
hxg6 9. Qb3 Qc7 10. Bd2 Be7 11. O-O-O Nbd7 12. Kb1 a5 13. cxd5 exd5 14. Rc1 Nb6
15. a4 Bb4 16. h3 O-O 17. Bd3 Qe7 18. h4 Rac8 19. e4 dxe4 20. fxe4 c5 21. dxc5
Nbd7 22. Be3 Nxc5 23. Bxc5 Rxc5 24. Nd5 Rxc1+ 25. Rxc1 Nxd5 26. exd5 Qxh4 27.
Rc7 Qh1+ 28. Ka2 Qxg2 29. Rxb7 Rd8 30. Bc4 Qe4 31. Ra7 Qd4 32. Rb7 Bd6 33. Rb5
Rc8 34. Be2 Re8 35. Bf1 Bb4 36. Qf3 g5 37. Rb7 Rf8 38. Bd3 g6 39. Bb5 Qf4 40.
Qd3 Bd6 41. Ra7 Qb4 42. Qc3 g4 43. Qf6 Qf4 44. Qxf4 Bxf4 45. Rxa5 g3 46. Bf1
Re8 47. Rb5 Re1 48. Bh3 Rh1 49. Bg2 Rh2 50. Bf3 g2 51. Bxg2 Rxg2 52. a5 Rd2 53.
a6 Be3 54. Kb3 Kf8 55. Kc3 Rd1 56. Rb8+ Ke7 57. a7 Bxa7 58. Rb7+ Kf6 59. Rxa7
Rxd5 60. b4 g5 61. Kc4 Rd1 62. b5 g4 63. b6 Rb1 64. Kc5 g3 65. Ra2 Kg5 66. Kc6
f5 67. Ra8 Kg4 68. b7 f4 69. b8=Q Rxb8 70. Rxb8 f3 71. Kd5 f2 72. Rf8 Kh3 0-1

[Event "Elit(Limhamn-Schack 08)"]
[Site "?"]
[Date "2019.01.12"]
[Round "4"]
[White "Penalver, Osmani"]
[Black "Bjorkeroth, Johan"]
[Result "0-1"]
[WhiteElo "2246"]
[BlackElo "2110"]
[PlyCount "110"]
1. d4 Nf6 2. c4 e6 3. Nc3 Bb4 4. e3 b6 5. Nge2 c5 6. a3 Ba5 7. Rb1 Qe7 8. Bd2
Bb7 9. b4 cxb4 10. Nb5 Na6 11. Qa4 Ne4 12. Bxb4 Bxb4+ 13. axb4 O-O 14. c5 Qh4
15. g3 Qf6 16. f4 bxc5 17. bxc5 Nexc5 18. dxc5 Nxc5 19. Qd4 Qf5 20. Nec3 Bxh1
21. Nd6 Qh5 22. Be2 Qxh2 23. Qxc5 Rab8 24. Rxb8 Rxb8 25. Qc7 Qxg3+ 26. Kd2 Rf8
27. Qxd7 a5 28. Bc4 Qg2+ 29. Ne2 Qc6 30. Qe7 Bd5 31. Nd4 Qc5 32. Bd3 g6 33. Bb5
Qb4+ 34. Kd1 Qb1+ 35. Ke2 Qb2+ 36. Ke1 Qc1+ 37. Kf2 Qb2+ 38. Ne2 Qg7 39. e4 Ba2
40. Bd7 f6 41. Bxe6+ Bxe6 42. Qxe6+ Kh8 43. Kf3 Qc7 44. f5 a4 45. fxg6 hxg6 46.
Nf4 Qh7 47. Ne8 Qf7 48. Qg4 Rxe8 49. Nxg6+ Kh7 50. Nh4 Qb3+ 51. Kf2 Qc2+ 52.
Kf1 Qxe4 53. Qh5+ Kg8 54. Nf5 Qe1+ 55. Kg2 Qe2+ 0-1

[Event "Elit(Vasteras-Rockaden,Sthlm)"]
[Site "?"]
[Date "2019.01.12"]
[Round "4"]
[White "Norberg, Johan"]
[Black "Sorensen, Hampus"]
[Result "1-0"]
[WhiteElo "2297"]
[BlackElo "2230"]
[PlyCount "143"]
1. e4 e5 2. Nf3 Nc6 3. Bc4 Bc5 4. d3 Nf6 5. O-O a6 6. c3 Ba7 7. d4 d6 8. dxe5
Nxe5 9. Nxe5 dxe5 10. Qxd8+ Kxd8 11. Bg5 Ke7 12. Nd2 Be6 13. Bb3 Bxb3 14. axb3
Ke6 15. Bxf6 gxf6 16. b4 Rad8 17. Nb3 Bb6 18. Rfd1 f5 19. exf5+ Kxf5 20. Kf1
Ke6 21. Ke2 f5 22. Nd2 c6 23. g3 e4 24. g4 Bc7 25. h3 Rhg8 26. Rg1 Kf6 27. gxf5
Kxf5 28. Nc4 Bf4 29. Rxg8 Rxg8 30. Rd1 Rg7 31. Rd8 Re7 32. Rf8+ Kg5 33. Rg8+
Kf5 34. Ne3+ Bxe3 35. Kxe3 Ke5 36. Rg4 Kd5 37. c4+ Kd6 38. Rxe4 Rg7 39. Rh4 Ke5
40. f4+ Kf5 41. Rh5+ Kf6 42. Kd4 Rd7+ 43. Kc5 Kg6 44. Rg5+ Kf7 45. Kb6 Rd2 46.
Kxb7 Rxb2 47. Kxc6 Rxb4 48. Kd5 a5 49. Rg1 Rb3 50. c5 Rxh3 51. Ra1 Rd3+ 52. Ke4
Rc3 53. Rxa5 h5 54. Ra7+ Ke8 55. Kd4 Rf3 56. Ke5 Rc3 57. Kd6 Rd3+ 58. Kc6 Rf3
59. Rh7 Rxf4 60. Rh8+ Ke7 61. Rxh5 Rf1 62. Kc7 Rc1 63. c6 Ke6 64. Rb5 Rc2 65.
Rb1 Ke7 66. Re1+ Kf7 67. Kb7 Rb2+ 68. Kc8 Rc2 69. c7 Rc3 70. Rb1 Ke7 71. Kb7
Kd7 72. Rd1+ 1-0

[Event "Elit(Wasa-Farsta)"]
[Site "?"]
[Date "2019.01.12"]
[Round "4"]
[White "Namini, Armin"]
[Black "Lindberg, Bo"]
[Result "0-1"]
[WhiteElo "2214"]
[BlackElo "2388"]
[PlyCount "84"]
1. c4 b6 2. Nc3 Bb7 3. Nf3 Nf6 4. g3 g6 5. Bg2 Bg7 6. O-O O-O 7. Rb1 d5 8. cxd5
Nxd5 9. Qc2 c5 10. d3 Nc6 11. Bd2 Rc8 12. Qa4 e6 13. Rfc1 h6 14. a3 Qe7 15. Re1
a6 16. Qb3 b5 17. Rbc1 Nb6 18. Ne4 c4 19. Qa2 f5 20. Nc3 Kh7 21. Be3 Nd5 22.
Bd2 Qc5 23. dxc4 bxc4 24. Na4 Qb5 25. Qxc4 Rfe8 26. b3 Re7 27. Nc5 Bb2 28. Qh4
Bxc1 29. Qxh6+ Kg8 30. Qxg6+ Rg7 31. Qxe6+ Rf7 32. Rxc1 Nd8 33. Qg6+ Rg7 34.
Qh5 Rxc5 35. Rd1 Nf6 36. Qh4 Qxb3 37. Re1 Qe6 38. Be3 Rc4 39. Nd4 Qf7 40. Bxb7
Nxb7 41. Rb1 Nd5 42. Bh6 Rg4 0-1

[Event "Elit(Limhamn-Schack 08)"]
[Site "?"]
[Date "2019.01.12"]
[Round "4"]
[White "Sternlund, Hakan"]
[Black "Holst, Conny"]
[Result "1/2-1/2"]
[WhiteElo "2119"]
[BlackElo "2191"]
[PlyCount "71"]
[EventDate "2019.??.??"]
1. c4 Nf6 2. Nc3 e5 3. Nf3 Nc6 4. g3 Bb4 5. Bg2 Bxc3 6. bxc3 O-O 7. O-O e4 8.
Ng5 Re8 9. d3 exd3 10. exd3 d6 11. Ne4 h6 12. f3 Bf5 13. g4 Bg6 14. Bf4 Ne5 15.
Bxe5 dxe5 16. Rf2 Qe7 17. Rd2 Rad8 18. Qe2 Bxe4 19. fxe4 Qa3 20. Rc2 Rd6 21. h3
Red8 22. Rd1 Nd7 23. Bf1 Nc5 24. Qe3 Ne6 25. Rb1 Qc5 26. Kf2 b6 27. Rb5 Qxe3+
28. Kxe3 Nc5 29. Rd2 c6 30. Rb1 Ne6 31. Rbd1 c5 32. a4 h5 33. gxh5 Kh7 34. Be2
Nf4 35. Bf3 Nxh3 36. d4 1/2-1/2

[Event "Elit(Vasteras-Rockaden,Sthlm)"]
[Site "?"]
[Date "2019.01.12"]
[Round "4"]
[White "Engqvist, Thomas"]
[Black "Landgren, Andreas"]
[Result "1-0"]
[WhiteElo "2324"]
[BlackElo "2275"]
[PlyCount "119"]
1. e4 c5 2. Nf3 d6 3. c3 Nf6 4. Qc2 Qc7 5. Bb5+ Bd7 6. Bxd7+ Nbxd7 7. c4 g6 8.
O-O Bg7 9. d3 O-O 10. Nc3 a6 11. Nh4 e6 12. f4 Nb8 13. Kh1 Nc6 14. Be3 Ng4 15.
Bg1 f5 16. Rae1 Rae8 17. Qd1 b6 18. h3 Qd8 19. g3 Nf6 20. exf5 gxf5 21. Qf3 Qd7
22. g4 fxg4 23. hxg4 Kh8 24. g5 Ng8 25. Qh3 Nge7 26. Qxe6 Qb7 27. Kh2 Ne5 28.
Qh3 N5g6 29. Ng2 Qb8 30. Re6 d5 31. Ne2 dxc4 32. dxc4 Be5 33. Be3 Kg8 34. Kg1
Bd4 35. Nxd4 cxd4 36. Bd2 Nf5 37. Rxe8 Qxe8 38. Qf3 Qe6 39. b3 Nfh4 40. Qd5
Qxd5 41. cxd5 Nxg2 42. Kxg2 Rf5 43. d6 Rd5 44. Kf3 Rxd6 45. Ke4 a5 46. Rc1 Ne7
47. Ke5 Rd8 48. f5 Nd5 49. Ke6 Nb4 50. Ke7 Rf8 51. Bxb4 Rxf5 52. Bd2 Rf2 53.
Rd1 Kg7 54. Kd6 Rf5 55. Kc6 b5 56. Bxa5 Rxg5 57. Rxd4 h5 58. Rd5 Rg6+ 59. Kxb5
h4 60. Rh5 1-0

[Event "Elit(Wasa-Farsta)"]
[Site "?"]
[Date "2019.01.12"]
[Round "4"]
[White "Moreau, Teodor"]
[Black "Lagerborg, Krister"]
[Result "1-0"]
[WhiteElo "2322"]
[BlackElo "2092"]
[PlyCount "91"]
1. d4 Nf6 2. Nf3 g6 3. c4 Bg7 4. Nc3 O-O 5. e4 d6 6. Be2 e5 7. O-O Nc6 8. d5
Ne7 9. b4 Ne8 10. c5 h6 11. Nd2 f5 12. Ba3 Rf7 13. Rc1 Bf8 14. exf5 gxf5 15. f4
Ng6 16. Bh5 Rg7 17. Bxg6 Rxg6 18. Nc4 Bg7 19. Ne2 h5 20. Bb2 Qe7 21. Qd2 Bh6
22. Qc3 Nf6 23. fxe5 Ne4 24. Qf3 Bxc1 25. Rxc1 dxc5 26. Nf4 Rg5 27. Nxh5 cxb4
28. d6 cxd6 29. Nxd6 Be6 30. Nxe4 fxe4 31. Nf6+ Kg7 32. Qxe4 Rh8 33. Qe3 Rg6
34. Qxa7 Rd8 35. Qe3 Bd5 36. g4 Rh8 37. h3 Bc6 38. e6 Qd8 39. e7 Qa5 40. e8=Q
Rxe8 41. Nxe8+ Kg8 42. Nf6+ Kg7 43. Qe7+ Kh6 44. Qh7+ Kg5 45. Qh5+ Kf4 46. Qxa5
1-0

[Event "Elit(Limhamn-Schack 08)"]
[Site "?"]
[Date "2019.01.12"]
[Round "4"]
[White "Tadjerbashi, Amir"]
[Black "Arvidsson, Tomas"]
[Result "1-0"]
[WhiteElo "2200"]
[BlackElo "2034"]
[PlyCount "87"]
1. e4 c5 2. Nf3 Nc6 3. d4 cxd4 4. Nxd4 e5 5. Nb5 d6 6. g3 f5 7. exf5 Bxf5 8.
Bg2 a6 9. N5a3 Nf6 10. Nc3 Nd4 11. Be3 Bg4 12. f3 Nf5 13. Bf2 Bh5 14. g4 d5 15.
O-O Qa5 16. Nab1 Bf7 17. gxf5 Qb4 18. a3 Qf4 19. Qd3 Bd6 20. Ne2 Qg5 21. h4 Qh6
22. Qe3 Qxe3 23. Bxe3 d4 24. Bf2 Rc8 25. c3 O-O 26. Ng3 Nd5 27. Ne4 Be7 28.
cxd4 exd4 29. Bxd4 Rc2 30. Nbc3 Nf4 31. Rf2 Rxf2 32. Bxf2 Nd3 33. Bg3 Nxb2 34.
Bd6 Bxd6 35. Nxd6 Rd8 36. Nce4 b5 37. Bf1 Rd7 38. Rc1 h6 39. Rc2 Nd1 40. Rc8+
Kh7 41. Nxf7 Rxf7 42. Bd3 Rd7 43. Nc5 Rd5 44. f6+ 1-0

[Event "Elit(Vasteras-Rockaden,Sthlm)"]
[Site "?"]
[Date "2019.01.12"]
[Round "4"]
[White "Jonsson, Mikael"]
[Black "Kenneskog, Theodor"]
[Result "1/2-1/2"]
[WhiteElo "2251"]
[BlackElo "2330"]
[PlyCount "59"]
1. d4 Nf6 2. c4 g6 3. Nc3 d5 4. cxd5 Nxd5 5. e4 Nxc3 6. bxc3 Bg7 7. Nf3 c5 8.
Be3 Qa5 9. Qd2 O-O 10. Rc1 Rd8 11. d5 e6 12. Be2 Nc6 13. Bg5 f6 14. Be3 exd5
15. exd5 c4 16. Bxc4 Be6 17. O-O Bxd5 18. Qe2 Bxc4 19. Qxc4+ Qd5 20. Qa4 b5 21.
c4 bxa4 22. cxd5 Ne7 23. Rc4 Nxd5 24. Bd4 Nb6 25. Rc7 Nd5 26. Rb7 a5 27. h4
Rab8 28. Ra7 Ra8 29. Rb7 Rab8 30. Ra7 1/2-1/2

[Event "Elit(Eksjo-LASK)"]
[Site "?"]
[Date "2019.01.12"]
[Round "4"]
[White "Kulaots, Kaido"]
[Black "Gdanski, Jacek"]
[Result "1/2-1/2"]
[WhiteElo "2555"]
[BlackElo "2464"]
[PlyCount "81"]
[EventDate "2019.??.??"]
1. e4 e6 2. d4 d5 3. Nc3 Bb4 4. e5 Ne7 5. a3 Bxc3+ 6. bxc3 c5 7. h4 Qa5 8. Bd2
Nbc6 9. h5 h6 10. Nf3 Bd7 11. Rh4 O-O-O 12. Be2 Nf5 13. Rf4 g5 14. hxg6 fxg6
15. dxc5 Qxc5 16. Rb4 Qe7 17. Qb1 Be8 18. Rb5 Rh7 19. Qb2 Nh4 20. Nxh4 Qxh4 21.
Rb1 Rdd7 22. Be3 Rc7 23. Bc5 Nxe5 24. Bd6 Bxb5 25. Qxb5 Nc6 26. g3 Qf6 27. Qc5
Rhd7 28. Bxc7 Rxc7 29. Bb5 a6 30. Bxc6 Rxc6 31. Qa7 Qxc3+ 32. Kf1 Rc7 33. Qa8+
Kd7 34. Qf8 Qxc2 35. Rb6 Qc4+ 36. Kg2 Qe4+ 37. Kh2 Qe5 38. Qf7+ Kd8 39. Qf8+
Kd7 40. Qf7+ Kd8 41. Qf8+ 1/2-1/2

[Event "Elit(Rockaden,Umea-Stockholms SS)"]
[Site "?"]
[Date "2019.01.12"]
[Round "4"]
[White "Lokander, Martin"]
[Black "Malmstig, Erik"]
[Result "1-0"]
[WhiteElo "2415"]
[BlackElo "2301"]
[PlyCount "81"]
[SourceDate "2019.01.16"]
1. Nf3 c5 2. c4 Nf6 3. Nc3 g6 4. d4 cxd4 5. Nxd4 Bg7 6. e4 O-O 7. Be3 d6 8. Be2
a6 9. O-O b6 10. f3 Bb7 11. a4 Nfd7 12. Qd2 Nc5 13. Ra3 a5 14. Nd5 e6 15. Nc3
Qe7 16. Rd1 Rd8 17. Ndb5 Nba6 18. Bg5 Bf6 19. Bxf6 Qxf6 20. Nxd6 e5 21. Ncb5
Rd7 22. f4 exf4 23. Bg4 Rdd8 24. Rf3 g5 25. Bf5 Bc6 26. g3 Nxa4 27. gxf4 Qxb2
28. Qe1 Bxb5 29. cxb5 Qb4 30. e5 Qxe1+ 31. Rxe1 N6c5 32. fxg5 Ra7 33. Rh3 Re7
34. Rh6 Nc3 35. Bxh7+ Kf8 36. Bc2 Rxd6 37. Rxd6 Nxb5 38. Rd8+ Kg7 39. h4 Na3
40. Bf5 Nc4 41. h5 1-0

[Event "Elit(Eksjo-LASK)"]
[Site "?"]
[Date "2019.01.12"]
[Round "4"]
[White "Gajic, Mladen"]
[Black "Ahlander, Bjorn"]
[Result "0-1"]
[WhiteElo "2316"]
[BlackElo "2412"]
[PlyCount "70"]
1. d4 Nf6 2. Nf3 e6 3. Nbd2 d5 4. e3 c5 5. c3 Nc6 6. Bd3 Bd6 7. O-O O-O 8. dxc5
Bxc5 9. e4 Qc7 10. Qe2 h6 11. b4 Bd6 12. Bb2 Bd7 13. b5 Ne5 14. Nxe5 Bxe5 15.
g3 Rad8 16. Rac1 Bc8 17. f4 Bd6 18. e5 Bc5+ 19. Kh1 Nd7 20. c4 d4 21. g4 b6 22.
g5 Bb7+ 23. Kg1 hxg5 24. Qh5 g6 25. Bxg6 Nf6 26. exf6 fxg6 27. Qxg6+ Kh8 28.
Ne4 Rg8 29. Qh6+ Qh7 30. Qxh7+ Kxh7 31. Nxc5 gxf4+ 32. Kf2 Rg2+ 33. Ke1 bxc5
34. Ba3 d3 35. Rc3 Rxa2 0-1

[Event "Elit(Rockaden,Umea-Stockholms SS)"]
[Site "?"]
[Date "2019.01.12"]
[Round "4"]
[White "Wickstrom, Lucas"]
[Black "Westerberg, Jonathan"]
[Result "0-1"]
[WhiteElo "2342"]
[BlackElo "2542"]
[PlyCount "178"]
[EventDate "2019.??.??"]
1. d4 Nf6 2. c4 e6 3. Nf3 d5 4. Nc3 dxc4 5. e3 a6 6. a4 b6 7. Bxc4 Bb7 8. O-O
Bb4 9. Qb3 Qe7 10. Ne5 O-O 11. f3 c5 12. Nd3 Nc6 13. dxc5 Bxc5 14. Nxc5 Qxc5
15. Be2 Rfd8 16. Qa3 Nb4 17. Kh1 Nd7 18. e4 Nc2 19. Qxc5 Nxc5 20. Ra2 Nd3 21.
Bxd3 Rxd3 22. Rd1 Rad8 23. Rxd3 Rxd3 24. Kg1 a5 25. Ne2 Ba6 26. Kf2 Bc4 27. b3
Bxb3 28. Rb2 e5 29. Bg5 Bxa4 30. Rxb6 h6 31. Bc1 Bb3 32. Bb2 f6 33. f4 exf4 34.
Nxf4 Rd2+ 35. Kg3 a4 36. Bc3 Rd7 37. e5 fxe5 38. Bxe5 Ne3 39. Ra6 Nc4 40. Ng6
Bc2 41. Rc6 Bb3 42. Ba1 a3 43. Rc8+ Kf7 44. Rxc4 Kxg6 45. Rd4 Rb7 46. Rd6+ Kf7
47. Ra6 a2 48. Ra5 Ke6 49. Kg4 Rb4+ 50. Kg3 Rb7 51. Kg4 Bd5 52. Ra6+ Kf7 53.
Ra4 Be6+ 54. Kg3 g5 55. Ra3 Rb1 56. Bh8 Rc1 57. h4 Rc2 58. hxg5 hxg5 59. Ra5
Rc8 60. Ba1 Rc1 61. Bh8 Rh1 62. Bb2 Rb1 63. Bh8 Rb8 64. Ba1 Rb3+ 65. Kf2 Rb1
66. Bh8 g4 67. Kg3 Rd1 68. Ra7+ Kg6 69. Ra6 Kf5 70. Ra4 Rd3+ 71. Kf2 Bd5 72.
Ke2 Rg3 73. Ra5 Ke6 74. Kf1 Rb3 75. Ra6+ Kf5 76. Ra5 Ke6 77. Ra6+ Kf7 78. Ra5
Bc4+ 79. Ke1 g3 80. Kd2 Rd3+ 81. Kc1 Re3 82. Kd1 Ke6 83. Ra8 Rd3+ 84. Kc2 Rd7
85. Ra3 Rd8 86. Bg7 Rg8 87. Kc3 Bd5 88. Kd4 Rxg7 89. Ra6+ Kf5 0-1

[Event "Elit(Eksjo-LASK)"]
[Site "?"]
[Date "2019.01.12"]
[Round "4"]
[White "Tikkanen, Hans"]
[Black "Vernersson, Per"]
[Result "1-0"]
[WhiteElo "2516"]
[BlackElo "2299"]
[PlyCount "45"]
1. d4 d5 2. Nf3 Nf6 3. e3 e6 4. Bd3 c5 5. b3 Nc6 6. Bb2 Qc7 7. a3 a6 8. Nbd2 b5
9. dxc5 Bxc5 10. c4 bxc4 11. bxc4 dxc4 12. Nxc4 Bb7 13. O-O Qe7 14. Rb1 h6 15.
Bd4 Nd8 16. Na5 Bxd4 17. Nxb7 Nxb7 18. Qa4+ Kf8 19. exd4 Nd5 20. Qc6 Ra7 21.
Rxb7 Qxb7 22. Qd6+ Ke8 23. Rb1 1-0

[Event "Elit(Rockaden,Umea-Stockholms SS)"]
[Site "?"]
[Date "2019.01.12"]
[Round "4"]
[White "Cederstam Barsk, Carl"]
[Black "Hammarstrom, Ulf"]
[Result "1/2-1/2"]
[WhiteElo "2324"]
[BlackElo "2214"]
[PlyCount "59"]
1. d4 Nf6 2. c4 e6 3. Nf3 d5 4. Nc3 Bb4 5. cxd5 exd5 6. Qa4+ Nc6 7. Bg5 h6 8.
Bxf6 Qxf6 9. e3 O-O 10. Be2 Bg4 11. O-O Qd6 12. Rfc1 a6 13. Qb3 Bxc3 14. Rxc3
Na5 15. Qc2 Bxf3 16. Bxf3 c6 17. Be2 b5 18. a4 Nc4 19. b3 b4 20. Rd3 Na5 21.
Rc1 Rfc8 22. Bf3 Nb7 23. Qd1 Qe7 24. Rd2 Nd6 25. Rdc2 Qd7 26. Qd2 a5 27. Rc5
Nb7 28. R5c2 Nd6 29. Rc5 Nb7 30. R5c2 1/2-1/2

[Event "Elit(Eksjo-LASK)"]
[Site "?"]
[Date "2019.01.12"]
[Round "4"]
[White "Rothen, Hakan"]
[Black "Dragicevic, Drazen"]
[Result "1/2-1/2"]
[WhiteElo "2317"]
[BlackElo "2340"]
[PlyCount "132"]
1. d4 d5 2. c4 e6 3. Nf3 a6 4. cxd5 exd5 5. Nc3 c6 6. e4 dxe4 7. Nxe4 Nf6 8.
Nxf6+ Qxf6 9. Be2 Bb4+ 10. Bd2 Bxd2+ 11. Qxd2 O-O 12. O-O Rd8 13. Rfd1 Nd7 14.
Rac1 Nf8 15. Qb4 Ng6 16. Ne5 Qe7 17. Qa5 Be6 18. Bf3 Bd5 19. Nxg6 hxg6 20. Rc3
Bxf3 21. Rxf3 Rd5 22. Qc3 Rad8 23. h3 Qd7 24. Qb3 c5 25. Rfd3 Rxd4 26. Rxd4
cxd4 27. Qd3 Qd5 28. a3 Kh7 29. Rd2 Rd6 30. b4 b5 31. Rd1 Qe5 32. Rc1 Qf4 33.
Rd1 Kg8 34. Re1 Rc6 35. g3 Qf6 36. Rd1 Rc3 37. Qxd4 Qxd4 38. Rxd4 Rxa3 39. Rd8+
Kh7 40. Rd7 f6 41. h4 Ra4 42. Ra7 g5 43. hxg5 fxg5 44. Kg2 g4 45. Kf1 Kg6 46.
Ke2 Kf6 47. Ke3 g5 48. Ra8 Ke5 49. Re8+ Kd5 50. Rd8+ Kc4 51. Rd4+ Kb3 52. Rxg4
Rxb4 53. Rxg5 a5 54. Rd5 a4 55. f4 a3 56. f5 a2 57. Rd1 Ka3 58. f6 Rb3+ 59. Ke4
Rb1 60. f7 Rxd1 61. f8=Q+ Kb3 62. Qf7+ Kb2 63. Qf2+ Kb1 64. Qe2 Rd4+ 65. Kxd4
a1=Q+ 66. Kc5 Qc3+ 1/2-1/2